Vista normal Vista MARC

Entrada Topical Term

Número de registros utilizados en: 1

001 - CONTROL NUMBER

  • control field: 14606

003 - CONTROL NUMBER IDENTIFIER

  • control field: OSt

005 - DATE AND TIME OF LATEST TRANSACTION

  • control field: 20210309141143.0

008 - FIXED-LENGTH DATA ELEMENTS

  • fixed length control field: 210309|| aca||aabn | a|a d

040 ## - CATALOGING SOURCE

  • Original cataloging agency: OSt
  • Transcribing agency: OSt

150 ## - HEADING--TOPICAL TERM

  • Topical term or geographic name entry element: Cambio organizacional
  • Geographic subdivision: Colombia
  • Geographic subdivision: Bogota

670 ## - SOURCE DATA FOUND

  • Source citation: Work cat.: (OSt)0: Colombia. Alcaldía Mayor de Bogotá 2890, El futuro de la organización institucional de Bogotá., [2006]